| 000 | 02832cam a2200373 a 4500 | ||
|---|---|---|---|
| 001 | 15962612 | ||
| 003 | ARRUPE | ||
| 005 | 20150217020007.0 | ||
| 008 | 091027s2010 enk 001 0 eng | ||
| 010 | _a 2009045592 | ||
| 015 |
_aGBA9B1801 _2bnb |
||
| 016 | 7 |
_a015422118 _2Uk |
|
| 020 | _a9781847061393 (HB) | ||
| 020 | _a1847061397 (HB) | ||
| 020 | _a9781847061409 (pbk.) | ||
| 020 | _a1847061400 (pbk.) | ||
| 035 | _a(OCoLC)ocn432983399 | ||
| 040 |
_aDLC _cDLC _dYDX _dBTCTA _dUKM _dYDXCP _dBWX _dDEBBG _dVP@ _dDLC |
||
| 050 | 0 | 0 |
_aB3279.H49 _bG698 2010 |
| 082 | 0 | 0 |
_a193 _222 |
| 084 |
_a5,1 _2ssgn |
||
| 084 |
_aCI 2617 _2rvk |
||
| 100 | 1 |
_aGreaves, Thomas C. _94587 |
|
| 245 | 1 | 0 |
_aStarting with Heidegger / _cTom Greaves. |
| 260 |
_aLondon ; _aNew York : _bContinuum, _c2010. |
||
| 300 |
_axiv, 177 p. ; _c23 cm. |
||
| 504 | _aIncludes bibliographical references and index. | ||
| 505 | 0 | _aIntroduction -- Phenomenology : the logic of appearance -- Phenomenology without attitude -- The root of sense and sensibility -- Concrete sketches of experience -- The self-evidence and elusiveness of phenomena -- Dasein : a living question -- Interrogating ourselves -- Hermeneutics, philosophy, and ontological difference -- The facts of life -- More or less human -- World : the event of meaning -- Tackling the world around us -- Environmental breakdown and recovery -- Our world owns itself -- Anyone and everyone -- Already with others -- The dictatorship of the one -- The real and the authentic self -- Language bears the one -- Between our selves -- Finding oneself in a mood -- Where do moods belong? -- The fundamental tone of attunement -- Nothing to be anxious about -- The depths of boredom and love -- Meaning and truth -- Laying out understanding -- Disclosing and enclosing an horizon -- Decisive truths -- Excavating and sheltering the truth -- Time and space -- Extending our reach and making room -- Exploding, stretching and punctuating time -- Measuring out the dimension -- Ways of life and death -- The whole of life in death -- A call to indebted freedom -- Philosophy sacralised -- Origin and originality -- Original destruction -- History repeats itself -- Beginning again with the first beginning -- Arts and science : poetry and thought -- Undermining the academic divide -- Returning the arts and sciences to themselves -- The cult(ure) of technology -- Two cultures in one. | |
| 600 | 1 | 0 |
_aHeidegger, Martin, _d1889-1976. _94588 |
| 856 |
_uhttp://bvbm2.bib-bvb.de:8993/F?func=service&doc_library=BVB01&doc_number=018952078&line_number=0001&func_code=DB_RECORDS&service_type=MEDIA _zInhaltsverzeichnis |
||
| 906 |
_a7 _bcbc _corignew _d1 _eecip _f20 _gy-gencatlg |
||
| 942 |
_2lcc _cMONOGRAPH _01 |
||
| 999 |
_c118899 _d118899 |
||